| 000 | 00640 a2200145 4500 | ||
|---|---|---|---|
| 001 | 78610 | ||
| 082 | _a621.45 CAE | ||
| 245 |
_aDesign and development of a 1kW wind turbine _breport prepared by college of aeronautical engg NUST PAF Academy Risalpur for HEC Islamabad |
||
| 260 |
_aRisalpur _breport prepared by college of aeronautical engg NUST PAF Academy Risalpur _c2010 |
||
| 300 | _a80 p. Hb | ||
| 500 | _aMS thesis | ||
| 505 | _aGifted Books | ||
| 600 |
_aCAE NUST report - wind turbine _dHEC - wind turbine- report prepared by CAE NUST and submitted to HEC |
||
| 610 | _acollege of aeronautical engg NUST PAF Academy Risalpur | ||
| 942 |
_aNUST CAE _k621.45 CAE _cMS |
||
| 999 |
_c313683 _d313683 |
||